|
|
|
|
| LEADER |
02333nam a22003377a 4500 |
| 001 |
39000 |
| 003 |
BD-DhAAL |
| 005 |
20231026130739.0 |
| 008 |
220622t xxua|||| |||| 001 0 eng d |
| 020 |
|
|
|a 9781999579500
|
| 020 |
|
|
|a 9781999579548
|
| 040 |
|
|
|a BD-DhAAL
|c BD-DhAAL
|
| 082 |
|
|
|a 006.31
|2 23
|
| 100 |
|
|
|a Burkov, Andriy.
|9 49616
|
| 245 |
|
|
|a The hundred-page machine learning /
|c Andriy Burkov.
|
| 250 |
|
|
|a South asia edition
|
| 260 |
|
|
|a Quebec City, Canada :
|b Andriy Burkov,
|c 2019.
|
| 300 |
|
|
|a xviii, 141 pages :
|b illustrations ;
|c 23 cm.
|
| 500 |
|
|
|a Includes index.
|
| 526 |
|
|
|a MNS, CSE
|
| 541 |
|
|
|a R K Corporation, Book Finder International
|e 39000, 44913, 41914, 41915, 41916
|
| 650 |
|
|
|a Machine learning.
|9 49617
|
| 650 |
|
|
|a Computer science.
|9 49618
|
| 852 |
|
|
|a Ayesha Abed Library
|c General Stacks
|
| 942 |
|
|
|2 ddc
|c BK
|
| 999 |
|
|
|c 44456
|d 44456
|
| 952 |
|
|
|0 0
|1 0
|2 ddc
|4 0
|6 006_310000000000000_BUR
|7 0
|9 71077
|a BRACUL
|b BRACUL
|c GEN
|d 2022-06-21
|e R K Corporation
|g 4500.00
|l 11
|m 50
|o 006.31 BUR
|p 3010039000
|q 2026-05-18
|r 2025-11-05
|s 2025-11-05
|t 1
|v 4500.00
|w 2022-06-21
|y BK
|
| 952 |
|
|
|0 0
|1 0
|2 ddc
|4 0
|6 006_310000000000000_BUR
|7 0
|9 74638
|a BRACUL
|b BRACUL
|c GEN
|d 2023-10-17
|e Book Finder International
|g 4300.00
|l 9
|m 85
|o 006.31 BUR
|p 3010041913
|r 2026-05-20
|s 2026-02-24
|t 2
|v 4300.00
|w 2023-10-17
|y BK
|x The vendor reduced the book price due to different publisher but with same content.
|
| 952 |
|
|
|0 0
|1 0
|2 ddc
|4 0
|6 006_310000000000000_BUR
|7 0
|9 74639
|a BRACUL
|b BRACUL
|c GEN
|d 2023-10-17
|e Book Finder International
|g 4300.00
|l 3
|m 29
|o 006.31 BUR
|p 3010041915
|q 2026-06-02
|r 2025-10-08
|s 2025-10-08
|t 4
|v 4300.00
|w 2023-10-17
|y BK
|x The vendor reduced the book price due to different publisher but with same content.
|
| 952 |
|
|
|0 0
|1 0
|2 ddc
|4 0
|6 006_310000000000000_BUR
|7 0
|9 74640
|a BRACUL
|b BRACUL
|c GEN
|d 2023-10-17
|e Book Finder International
|g 4300.00
|l 1
|m 30
|o 006.31 BUR
|p 3010041914
|q 2025-09-15
|r 2024-01-31
|s 2024-01-31
|t 3
|v 4300.00
|w 2023-10-17
|y BK
|x The vendor reduced the book price due to different publisher but with same content.
|
| 952 |
|
|
|0 0
|1 0
|2 ddc
|4 0
|6 006_310000000000000_BUR
|7 0
|9 74777
|a BRACUL
|b BRACUL
|c GEN
|d 2023-10-17
|e Book Finder International
|g 4300.00
|l 6
|m 86
|o 006.31 BUR
|p 3010041916
|q 2026-06-02
|r 2026-01-18
|s 2026-01-18
|t 5
|v 4300.00
|w 2023-10-17
|y BK
|x The vendor reduced the book price due to different publisher but with same content.
|